Проблемы молодёжной безработицы среди выпускников вузов в России и мире; Профессиональное образование XXI века: стратегии и перспективы развития, международное сотрудничество

Бібліографічні деталі
Parent link:Профессиональное образование XXI века: стратегии и перспективы развития, международное сотрудничество.— 2012.— С. 159-160
Автор: Бибик В. Л. Владислав Леонидович
Мова:Російська
Опубліковано: 2012
Предмети:
Формат: MixedMaterials Частина з книги
KOHA link:https://koha.lib.tpu.ru/cgi-bin/koha/opac-detail.pl?biblionumber=266387

MARC

LEADER 00000naa2a2200000 4500
001 266387
005 20240112161046.0
035 |a (RuTPU)RU\TPU\book\289407 
035 |a RU\TPU\book\289406 
090 |a 266387 
100 |a 20140708a2012 k y0rusy50 ca 
101 0 |a rus 
102 |a RU 
200 1 |a Проблемы молодёжной безработицы среди выпускников вузов в России и мире  |f В. Л. Бибик 
320 |a Библиогр.: 4 назв. 
463 0 |0 (RuTPU)RU\TPU\book\285548  |y 978-5-93461-551-3  |t Профессиональное образование XXI века: стратегии и перспективы развития, международное сотрудничество  |o сборник материалов международной научно-практической конференции, г. Новосибирск, 29-30 марта 2012 г.  |f Сибирский государственный университет путей сообщения (СГУПС) ; Российская академия образования (РАО), Институт развития образовательных систем (ИРОС) ; под ред. В. Ф. Глушкова  |v С. 159-160  |d 2012  |p 262 с. 
610 1 |a труды учёных ТПУ 
700 1 |a Бибик  |b В. Л.  |c специалист в области машиностроения  |c доцент Юргинского технологического института (филиала) Томского политехнического университета, кандидат технических наук  |f 1970-  |g Владислав Леонидович  |3 (RuTPU)RU\TPU\pers\24496  |9 10819 
801 1 |a RU  |b 63413507  |c 20140708 
801 2 |a RU  |b 63413507  |c 20140708  |g RCR 
942 |c BK